[Event "Chemnitz op"]
[Site "Chemnitz"]
[Date "1998.??.??"]
[Round "2"]
[White "Golubev, Mihail"]
[Black "Lorenz, Sascha"]
[Result "1-0"]
[WhiteElo "2510"]
[BlackElo "2295"]

1.e4 c5 2.Nf3 Nc6 3.Nc3 e5 4.Bc4 d6 5.d3 Be7 6.Nd2 Nf6 7.Nf1 O-O 8.Ne3 Kh8
9.O-O Be6 10.Ned5 Nd4 11.f4 exf4 12.Bxf4 Nxd5 13.Bxd5 Bg5 14.Qd2 Bxf4 15.Rxf4 Qg5
16.Qf2 Bh3 17.Rf1 f6 18.Kh1 Bd7 19.Nd1 Rab8 20.Ne3 b5 21.c3 Nc6 22.Bxc6 Bxc6
23.Nf5 Rbd8 24.Rf3 Qh5 25.Qg3 Qf7 26.Nxd6 Qxa2 27.d4 cxd4 28.cxd4 Qxb2 29.d5 Be8
30.e5 Bh5 31.e6 Bxf3 32.gxf3 Qe5 33.Qxe5 fxe5 34.e7 Kg8 35.exf8=Q+ Kxf8 36.Nxb5 Rxd5
37.Nxa7 Kf7 38.Rc1 Kf6 39.Nc6 Rd2 40.Re1 Rd5 41.Nb4 Rd2 42.Re3 Rb2 43.Nd3 Rb5
44.Kg2 g5 45.Nf2 Ra5 46.Ne4+ Kf5 47.Ng3+ Kg6 48.Rd3 Ra6 49.Rd5 Kf6 50.Ne4+ Kf5
51.Rd8 Kf4 52.Rf8+ Ke3 53.Kg3 Rg6 54.Nf6 e4 55.fxe4 Kd4 56.Nxh7 Kxe4 57.Kg4  1-0

[Event "CZE-chT2V 9899"]
[Site "CZE"]
[Date "1998.??.??"]
[Round "?"]
[White "Cernousek, Lukas"]
[Black "Kulhanek, Tomas"]
[Result "0-1"]
[WhiteElo "2175"]
[BlackElo "2195"]

1.e4 c5 2.Nc3 Nc6 3.Nge2 g6 4.d4 cxd4 5.Nxd4 Bg7 6.Nde2 Nf6 7.g3 d6 8.Bg2 O-O
9.O-O Be6 10.Nd5 Bxd5 11.exd5 Ne5 12.Bg5 Rc8 13.c3 Qa5 14.Nd4 Rfe8 15.h4 Nc4
16.Nb3 Qb6 17.Rb1 Rc7 18.Nd2 Nxd2 19.Qxd2 Ng4 20.Be4 h5 21.Kg2 Qc5 22.Rbd1 Qc4
23.f3 Nf6 24.Bxf6 exf6 25.Rfe1 Rce7 26.b3 Qc8 27.Bd3 Bh6 28.f4 Bxf4 29.gxf4 Qg4+
30.Kf1 Qf3+ 31.Kg1 Qg3+ 32.Kf1 Re3 33.Re2 Qf3+ 34.Ke1 Qh1+  0-1

[Event "CZE-chT2 9899"]
[Site "CZE"]
[Date "1998.??.??"]
[Round "?"]
[White "Drbohlav, Frantisek"]
[Black "Hitzgerova, Gabriela"]
[Result "1/2-1/2"]
[WhiteElo "2265"]
[BlackElo "2170"]

1.e4 c5 2.Nc3 Nc6 3.Nge2 d6 4.d4 cxd4 5.Nxd4 Nf6 6.Bg5 e6 7.Qd2 a6 8.O-O-O Bd7
9.f3 h5 10.Kb1 Rc8 11.Nxc6 Bxc6 12.Ne2 Qc7 13.Nd4 Bd7 14.Bd3 b5 15.Rhe1 Be7
16.f4 Qb6 17.Nf3 Bc6 18.e5 Bxf3 19.gxf3 dxe5 20.fxe5 Nd5 21.Bxe7 Nxe7 22.Be4 Rd8
23.Qg5 g6 24.h4 Qc7 25.Rxd8+ Qxd8 26.Qg1 Nd5 27.Rd1 Qxh4 28.Qc5 Qe7 29.Qc8+ Qd8
30.Qc6+ Qd7 31.Bxd5 exd5 32.Qa8+ Qd8 33.Qxa6 Qd7 34.Qa8+ Qd8 35.Qc6+ Kf8
36.Rxd5 Qe7 37.Qxb5 h4 38.Qe2 h3 39.Rd1 Qg5 40.Qh2 Qg2 41.Qh1 Qg3  1/2-1/2

[Event "CZE-chT2 9899"]
[Site "CZE"]
[Date "1998.??.??"]
[Round "?"]
[White "Navara, David"]
[Black "Nun, Jiri"]
[Result "1/2-1/2"]
[WhiteElo "2175"]
[BlackElo "2375"]

1.e4 c5 2.Nf3 Nc6 3.Nc3 Nf6 4.d4 cxd4 5.Nxd4 e5 6.Ndb5 d6 7.Bg5 a6 8.Na3 b5
9.Bxf6 gxf6 10.Nd5 Bg7 11.c3 f5 12.exf5 Bxf5 13.Nc2 Be6 14.Nce3 Ne7 15.g3 Nxd5
16.Nxd5 O-O 17.Bg2 a5 18.O-O Rb8 19.Qd2 Kh8 20.Rfd1 f5 21.a4 bxa4 22.Rxa4 e4
23.Ra3 Be5 24.f4 exf3 25.Bxf3 Bxd5 26.Bxd5 f4 27.Ra4 Qb6+ 28.Kh1 Qxb2 29.Qxb2 Rxb2
30.Rxa5 fxg3 31.hxg3 Bxc3 32.Ra8 Rxa8 33.Bxa8 Be5 34.Rd3 Kg7 35.Kg1 Kf6 36.Be4 h6
37.Bd5 Kf5 38.Kf1 Rc2 39.Kg1 Rc5 40.Kf2 Bc3 41.Bf3 Ke6 42.Rd1 d5 43.Bxd5+ Rxd5
44.Rxd5 Kxd5 45.g4  1/2-1/2

[Event "CZE-chT2 9899"]
[Site "CZE"]
[Date "1998.??.??"]
[Round "?"]
[White "Gdovin, Jan"]
[Black "Folk, Petr"]
[Result "1-0"]
[WhiteElo "2235"]
[BlackElo "2255"]

1.e4 c5 2.Nf3 Nc6 3.Nc3 d6 4.d4 cxd4 5.Nxd4 Nf6 6.Bc4 Qb6 7.Nb3 e6 8.Bf4 Ne5
9.Be2 Bd7 10.Be3 Qc7 11.Nb5 Qb8 12.f4 Ng6 13.Nc3 Be7 14.O-O O-O 15.a4 Bc6
16.Bd3 Rd8 17.Nd4 Be8 18.f5 exf5 19.Nxf5 Bf8 20.Nd5 Nd7 21.Rf3 Nge5 22.Rh3 f6
23.Qe1 Bg6 24.Qh4 Nc5 25.Rf1 Re8 26.Bb5 Nc6 27.Bxc5 dxc5 28.Bc4 Kh8 29.Nxf6  1-0

[Event "CZE-chT2V 9899"]
[Site "CZE"]
[Date "1998.??.??"]
[Round "?"]
[White "Ptacnikova, Lenka"]
[Black "Taborsky, Rostislav"]
[Result "1-0"]
[WhiteElo "2280"]
[BlackElo "2165"]

1.e4 c5 2.Nc3 Nc6 3.Nf3 e5 4.g3 d6 5.Bg2 g6 6.O-O Bg7 7.d3 Nge7 8.Nh4 O-O
9.f4 exf4 10.Bxf4 h6 11.Be3 Nd4 12.Qd2 g5 13.Nf3 Be6 14.h4 Nxf3+ 15.Bxf3 f6
16.Rf2 Nc6 17.Raf1 Qd7 18.Nd5 Ne5 19.Kh2 Bxd5 20.exd5 Rae8 21.Kg2 Re7 22.Be4 Ng4
23.Rf5 Rfe8 24.Bg1 Qa4 25.b3 Qxa2 26.Kh3 Ne5 27.g4 gxh4 28.Bh2 Nf7 29.Kxh4 Qb2
30.Qf2 Qd4 31.Qxd4 cxd4 32.Bg1 Rxe4 33.dxe4 Rxe4 34.R5f4 Re2 35.Bxd4 Rxc2
36.Bxf6 Ne5 37.Bxe5 Bxe5  1-0

[Event "Moravia-chT 9899"]
[Site "CZE"]
[Date "1998.??.??"]
[Round "1"]
[White "Gregor, David"]
[Black "Vavruska, Antonin"]
[Result "0-1"]
[WhiteElo "2075"]
[BlackElo "2215"]

1.e4 c5 2.Nf3 Nc6 3.Nc3 e6 4.Be2 d5 5.exd5 exd5 6.d4 c4 7.Bf4 Nf6 8.O-O a6
9.Re1 Be7 10.Ne5 Qb6 11.Bf3 Be6 12.Nxc6 Qxc6 13.Be5 O-O 14.Re3 b5 15.Ne2 Rad8
16.Ng3 Nd7 17.Ne2 Rfe8 18.g4 Nxe5 19.dxe5 Qc8 20.Nd4 Bg5 21.Re1 c3 22.bxc3 Qxc3
23.Qd3 Bd2 24.Red1 Qxd3 25.cxd3 Bc3 26.Nxe6 Rxe6 27.Rac1 d4 28.Be4 Rxe5 29.f4 Rc5
30.Rf1 b4 31.Bf3 Re8 32.Bd1 Re3 33.Rf3 Ra5 34.Rxe3 dxe3 35.Rc2 Rd5 36.Be2 Rd4
37.f5 a5 38.Kg2 Rf4 39.Bf3 g5 40.Kg3 f6 41.h4 Be1+ 42.Kg2 gxh4 43.Bd5+ Kf8
44.Rc6 Bc3 45.Re6 Rxg4+  0-1

[Event "CZE-chT 9899"]
[Site "CZE"]
[Date "1998.??.??"]
[Round "2"]
[White "Berzinsh, Roland"]
[Black "Antoniewski, Rafal"]
[Result "0-1"]
[WhiteElo "2425"]
[BlackElo "2435"]

1.e4 c5 2.Nc3 Nc6 3.Nge2 d6 4.d4 cxd4 5.Nxd4 Nf6 6.Bc4 Bd7 7.Bb3 a6 8.Be3 Ng4
9.O-O Nxe3 10.fxe3 e6 11.Nxc6 bxc6 12.e5 d5 13.Qf3 f5 14.exf6 Qxf6 15.Qxf6 gxf6
16.Rxf6 Bg7 17.Rf3 Bxc3 18.bxc3 a5 19.a4 Ke7 20.c4 Rab8 21.Raf1 Be8 22.cxd5 cxd5
23.e4 dxe4 24.Rc3 Rb4 25.Rc7+ Kd6 26.Rc8 e3 27.Rd1+ Ke7 28.Rc7+ Kf6 29.Rf1+ Kg6
30.Bc4 Rxa4 31.h4 e5 32.Re1 Rf8 33.Rxe3 Rf4 34.Bd3+ e4 35.Rg3+ Kf6 36.Be2 Ra1+
37.Kh2 Rxh4+ 38.Rh3 Rxh3+ 39.Kxh3 Bf7 40.Kg3 a4 41.Kf4 a3 42.Rc6+ Kg7 43.Ra6 Re1  0-1

[Event "Moravia-chT 9899"]
[Site "CZE"]
[Date "1998.??.??"]
[Round "3"]
[White "Pisk, Petr"]
[Black "Mudrak, Josef"]
[Result "1-0"]
[WhiteElo "2315"]
[BlackElo "2290"]

1.e4 c5 2.Nf3 Nc6 3.Nc3 e5 4.Bc4 Be7 5.d3 d6 6.Nd2 Bg5 7.h4 Bh6 8.Qh5 Qd7
9.Nb5 Nd8 10.a4 Nf6 11.Qd1 O-O 12.Nf1 Bxc1 13.Qxc1 d5 14.exd5 Nxd5 15.Ne3 Nxe3
16.fxe3 e4 17.dxe4 Qg4 18.Qd2 Qxe4 19.Nd6 Qg4 20.O-O Qxh4 21.Rf4 Qe7 22.Raf1 Be6
23.Bxe6 Qxe6 24.c4 b6 25.Re4 Qd7 26.Nxf7 Qc6 27.Nh6+ Qxh6 28.Rxf8+ Kxf8 29.Qd5 Rb8
30.Rf4+ Ke7 31.Qe5+ Ne6 32.Qxb8 Nxf4 33.Qxa7+ Kf6 34.exf4 Kf5 35.a5 Qe6 36.Kf2 Qxc4
37.Qd7+ Ke4 38.axb6 Qc2+ 39.Kg3 Qb3+ 40.Kg4 Qxb6 41.Qe7+ Kd3 42.Qxg7 Qe6+
43.Kh4 Qf5 44.Qe5 Qg6 45.Qxc5 Qf6+ 46.Kg3 Qxb2 47.Qf5+ Kd2 48.Qxh7 Qb3+ 49.Kh2 Qe3
50.Qf5 Qe7 51.Qd5+ Kc2 52.Qe5 Qh7+ 53.Kg3 Kd2 54.f5 Qg8+ 55.Kf2 Qh7 56.f6 Qh4+
57.Kf3  1-0

[Event "CZE-chT2 9798"]
[Site "CZE"]
[Date "1998.??.??"]
[Round "5.1"]
[White "Drbohlav, Frantisek"]
[Black "Znamenacek, Kvetoslav"]
[Result "1/2-1/2"]
[WhiteElo "2265"]
[BlackElo "2325"]

1.e4 c5 2.Nc3 Nc6 3.Nge2 g6 4.d4 cxd4 5.Nxd4 Bg7 6.Be3 Nf6 7.Bc4 O-O 8.Bb3 a5
9.f3 d6 10.a4 Nxd4 11.Bxd4 Be6 12.Bxe6 fxe6 13.O-O Rc8 14.Ra3 Nd7 15.Bxg7 Kxg7
16.Nb5 e5 17.Kh1 Nc5 18.Qd5 Qe8 19.Rd1 Qf7 20.Nc3 Rc6 21.Qxf7+ Kxf7 22.Nd5  1/2-1/2

[Event "Moravia-chT 9798"]
[Site "CZE"]
[Date "1998.??.??"]
[Round "6.3"]
[White "Simacek, Pavel"]
[Black "Pisk, Petr"]
[Result "1/2-1/2"]
[WhiteElo "2320"]
[BlackElo "2310"]

1.e4 c5 2.Nf3 Nc6 3.Nc3 Nf6 4.Bb5 d6 5.O-O Bd7 6.Re1 e6 7.d4 cxd4 8.Nxd4 Be7
9.Bf1 Nxd4 10.Qxd4 a6 11.Bg5 Bc6 12.Rad1 Rc8 13.Bh4 h6 14.f4 O-O 15.Kh1 Nh5
16.Bxe7 Qxe7 17.f5 exf5 18.exf5 Qg5 19.Qf2 Rfe8  1/2-1/2

[Event "CZE-chT2 9798"]
[Site "CZE"]
[Date "1998.??.??"]
[Round "9.2"]
[White "Drbohlav, Frantisek"]
[Black "Prymula, Roman"]
[Result "0-1"]
[WhiteElo "2265"]
[BlackElo "2240"]

1.e4 c5 2.Nf3 Nc6 3.Nc3 e5 4.Bc4 d6 5.d3 Be7 6.Nd2 Nf6 7.Nf1 Bg4 8.f3 Be6
9.Ne3 a6 10.a4 Nb4 11.Ncd5 Nbxd5 12.exd5 Bd7 13.a5 Nh5 14.O-O f5 15.c3 O-O
16.d4 exd4 17.cxd4 b5 18.Bb3 c4 19.Bc2 Qe8 20.Re1 f4 21.Ng4 Qf7 22.Qe2 Bh4
23.Qe4 Bf5 24.Qxf5 Qxf5 25.Bxf5 Bxe1 26.Be6+ Kh8 27.Kf1 Bb4 28.Nf2 g6 29.Nh3 h6
30.Ke2 g5 31.Bd2 Bxd2 32.Kxd2 Ng7 33.Kc3 Rae8 34.Re1 Rf6 35.Nf2 Nxe6 36.dxe6 Rfxe6
37.Rxe6 Rxe6 38.Ne4 Kg7 39.d5 Rxe4 40.fxe4 Kf6 41.Kd4 g4 42.e5+ dxe5+ 43.Ke4  0-1

[Event "CZE-chT2 9798"]
[Site "CZE"]
[Date "1998.??.??"]
[Round "10.6"]
[White "Simsa, Otakar"]
[Black "Jandovsky, Viktor"]
[Result "1/2-1/2"]
[WhiteElo "2130"]
[BlackElo "2210"]

1.e4 c5 2.Nc3 Nc6 3.Nf3 d6 4.d4 cxd4 5.Nxd4 Nf6 6.Be2 e6 7.O-O a6 8.a4 Be7
9.Be3 O-O 10.Kh1 Qc7 11.f4 Re8 12.Bf3 Rb8 13.g4 Nd7 14.Bg2 Bf8 15.Qd2 Nxd4
16.Bxd4 b6 17.Rad1 Bb7 18.Be3 Bc6 19.Qf2 b5 20.axb5 axb5 21.g5 b4 22.Ne2 Qb7
23.Ng3 Nc5 24.Bxc5 dxc5 25.e5 c4 26.Bxc6 Qxc6+ 27.Qg2 Qb6 28.Ne4 Be7 29.Rd7 Rbd8
30.Rfd1 Qe3 31.Rxd8 Bxd8 32.Rf1 Be7 33.Nf6+ Bxf6 34.gxf6 g6 35.Qc6 Rd8 36.Qxc4 h5
37.Qc6 h4 38.Qf3 Qd2 39.Rf2 Qc1+ 40.Kg2 Qxb2 41.Qg4 Rc8 42.Qd1  1/2-1/2

[Event "Moravia-chT 9798"]
[Site "CZE"]
[Date "1998.??.??"]
[Round "10.4"]
[White "Walek, Milan"]
[Black "Hrabe, Petr"]
[Result "1/2-1/2"]
[WhiteElo "2325"]
[BlackElo "2290"]

1.e4 c5 2.Nf3 Nc6 3.Nc3 Nf6 4.d4 cxd4 5.Nxd4 e5 6.Ndb5 d6 7.Bg5 a6 8.Na3 b5
9.Bxf6 gxf6 10.Nd5 Bg7 11.Bd3 Be6 12.O-O f5 13.Qh5 f4 14.c3 Ne7 15.Nxe7 Qxe7
16.Nc2 O-O 17.Nb4 Qd7 18.h3 a5 19.Nc2 Rab8 20.a3 f5 21.Rad1 Rb6 22.Rd2 fxe4
23.Bxe4 Bf5 24.Bxf5 Qxf5 25.Qxf5 Rxf5 26.f3 Kf7 27.Rfd1 Bf8 28.Rd5 Ke6 29.Na1 Rf7
30.Nb3 Ra7 31.R1d3 Be7 32.Nd2 Rb8 33.Ne4 Ra6 34.Kf1 Rc6 35.Rd2  1/2-1/2

[Event "POL-ch sf (Women)"]
[Site "Czestochowa"]
[Date "1998.??.??"]
[Round "5"]
[White "Kuchta, Danuta"]
[Black "Zawadzka, Magdalena"]
[Result "1-0"]
[WhiteElo "2065"]
[BlackElo "2050"]

1.e4 c5 2.Nf3 Nc6 3.Nc3 e5 4.Bc4 Be7 5.d3 d6 6.h3 Nf6 7.Be3 O-O 8.Qd2 Bd7
9.a3 Nd4 10.Nh2 Rb8 11.b4 b5 12.Ba2 a5 13.Nd5 axb4 14.axb4 Ra8 15.O-O Nxd5
16.Bxd5 Bc6 17.Bxd4 Bxd5 18.Bb2 Bb7 19.bxc5 dxc5 20.Bxe5 Bxe4 21.Qc3 b4 22.Qb2 f6
23.dxe4 fxe5 24.Qxe5 Rxa1 25.Qxa1 c4 26.Nf3 Qb6 27.Qe5 Qc5 28.Qe6+ Kh8 29.Ne5 b3
30.cxb3 cxb3 31.Nd7 Qa3 32.Nxf8 Bxf8 33.Rb1 b2 34.Qc8 Kg8 35.Qc4+ Kh8 36.Qc2 Qb4
37.Rxb2  1-0

[Event "Decin op-A"]
[Site "Decin"]
[Date "1998.??.??"]
[Round "1"]
[White "Kamenik, Martin"]
[Black "Volodin, Viktor"]
[Result "0-1"]
[WhiteElo "2065"]
[BlackElo "2315"]

1.e4 c5 2.Nc3 Nc6 3.Nf3 e5 4.Bc4 Be7 5.d3 Nf6 6.O-O O-O 7.a3 d6 8.h3 Be6
9.Bxe6 fxe6 10.Ng5 Qd7 11.f4 exf4 12.Bxf4 e5 13.Be3 h6 14.Nf3 Kh7 15.Qd2 Qe6
16.Kh2 a6 17.a4 b6 18.Rae1 Rab8 19.g4 Nd4 20.Bxd4 cxd4 21.Ne2 Nd7 22.g5 Qg6
23.gxh6 gxh6 24.Ng3 Rf4 25.Nf5 Bg5 26.Nxg5+ hxg5 27.Rxf4 exf4 28.Nxd4 Ne5
29.Rf1 Qh5 30.Qg2 Rg8 31.Nf3 g4 32.Ng1 f3 33.Qg3 gxh3 34.Qf4 f2 35.Rxf2 Ng4+
36.Kh1 Nxf2+ 37.Qxf2 Rg2 38.Qf6 Qg6 39.Qe7+ Qg7 40.Qh4+ Qh6 41.Qe7+ Rg7 42.Qe8 Qg5  0-1

[Event "DEN-ch cand"]
[Site "Denmark"]
[Date "1998.??.??"]
[Round "6"]
[White "Fries Nielsen, Jens Ove"]
[Black "El Kher, Henrik"]
[Result "1/2-1/2"]
[WhiteElo "2395"]
[BlackElo "2285"]

1.e4 c5 2.Nf3 Nc6 3.Nc3 g6 4.Bb5 Bg7 5.Bxc6 dxc6 6.d3 e5 7.Be3 Qd6 8.Nd2 Nh6
9.Nc4 Qe7 10.h3 f6 11.a4 b6 12.O-O Be6 13.b3 O-O 14.Qd2 Nf7 15.f4 exf4 16.Bxf4 Rae8
17.Rae1  1/2-1/2

[Event "Dieren op"]
[Site "Dieren"]
[Date "1998.??.??"]
[Round "2"]
[White "Willemze, Jeroen"]
[Black "Anka, Emil"]
[Result "1-0"]
[WhiteElo "2290"]
[BlackElo "2420"]

1.e4 c5 2.Nf3 Nc6 3.Nc3 d6 4.d4 cxd4 5.Nxd4 Nf6 6.Be2 g6 7.Be3 Bg7 8.Nb3 O-O
9.f4 Be6 10.g4 Rc8 11.g5 Nd7 12.Qd2 Nb6 13.O-O-O Nc4 14.Bxc4 Bxc4 15.Kb1 a5
16.h4 b5 17.h5 Bxb3 18.cxb3 a4 19.hxg6 hxg6 20.Qh2 Re8 21.f5 Ne5 22.fxg6 Rxc3
23.gxf7+ Nxf7 24.bxc3 axb3 25.g6  1-0

[Event "Dieren op"]
[Site "Dieren"]
[Date "1998.??.??"]
[Round "6"]
[White "Hendriks, Richard"]
[Black "De Niet, Gert Michiel"]
[Result "1-0"]
[WhiteElo "2080"]
[BlackElo "2210"]

1.e4 c5 2.Nc3 Nc6 3.Nge2 g6 4.d4 cxd4 5.Nxd4 Bg7 6.Be3 Nf6 7.Bc4 O-O 8.Bb3 Ng4
9.Qxg4 Nxd4 10.Qd1 Nxb3 11.axb3 b6 12.Qd5 Qc7 13.Qxa8 Bxc3+ 14.Kd1 Bb7 15.Qxa7 Ba5
16.Rxa5 bxa5 17.Qd4 e5 18.Qb6 Qc8 19.Bh6 Bxe4 20.c3 Qd8 21.Qe3 Bxg2 22.Rg1 Qa8
23.Bxf8 Qd5+ 24.Ke2 Kxf8 25.f3 Bh3 26.Qh6+ Kg8 27.Qxh3 Qxb3 28.Qxd7  1-0

[Event "Dieren op"]
[Site "Dieren"]
[Date "1998.??.??"]
[Round "9"]
[White "De Heer, Machiel"]
[Black "Tsifanskaya, Ludmila A"]
[Result "1/2-1/2"]
[WhiteElo "2315"]
[BlackElo "2225"]

1.e4 c5 2.Nc3 Nc6 3.Nge2 g6 4.d4 cxd4 5.Nxd4 Bg7 6.Nde2 d6 7.g3 Be6 8.Bg2 Qc8
9.h3 h5 10.Nd5 Nh6 11.a4 Rb8 12.Rb1 f5 13.Nef4 Bf7 14.h4 Ne5 15.b3 Nhg4 16.O-O Qd7
17.c4 Nf6 18.exf5 Qxf5 19.Ba3 Nxd5 20.Nxd5 Bxd5 21.Qxd5 Ng4 22.Rbe1 Qxd5
23.Bxd5 Be5 24.Kg2 Kf8 25.f4 Bd4 26.Rf3 Bf6 27.Be6 Nh6 28.Rd3 Nf5 29.Red1 Ng7
30.Bh3 Kf7 31.c5 dxc5 32.Bxc5 b6 33.Ba3 Nf5 34.Bxf5 gxf5 35.Rd7 Rhg8 36.Kf3 Rbc8
37.R1d3 a5 38.Re3 Rge8 39.Red3 Rc3 40.Rxc3 Bxc3 41.Rb7 Bd4 42.Rd7 Bf6 43.Rb7 Bd4
44.Rd7  1/2-1/2

[Event "Sparkasse op"]
[Site "Dortmund"]
[Date "1998.??.??"]
[Round "?"]
[White "Gipslis, Aivars"]
[Black "Schmittdiel, Eckhard"]
[Result "1/2-1/2"]
[WhiteElo "2450"]
[BlackElo "2460"]

1.e4 c5 2.Nf3 Nc6 3.Nc3 Nf6 4.Bb5 Nd4 5.e5 Nxb5 6.Nxb5 Nd5 7.Ng5 f5 8.O-O e6
9.d4 c4 10.b3 c3 11.Qf3 Qa5 12.a4 a6 13.Nd6+ Bxd6 14.exd6  1/2-1/2

[Event "Sparkasse op"]
[Site "Dortmund"]
[Date "1998.??.??"]
[Round "?"]
[White "Keitlinghaus, Ludger"]
[Black "Koscielski, Janusch"]
[Result "1/2-1/2"]
[WhiteElo "2500"]
[BlackElo "2290"]

1.e4 c5 2.Nc3 Nc6 3.Bb5 Nd4 4.Bc4 g6 5.Nge2 Bg7 6.O-O d6 7.Nxd4 cxd4 8.Ne2 Nf6
9.d3 Nd7 10.c3 dxc3 11.Nxc3 O-O 12.d4 Nb6 13.Bb3 a5 14.Be3 Bd7 15.a3 a4 16.Ba2 Rc8
17.Qe2 Na8 18.Qd2 Nb6 19.Bg5 Nc4 20.Qe2 b5 21.Rad1 h6 22.Bxc4 Rxc4 23.Be3 e6
24.e5 Bc6 25.Bf4 Qa8 26.f3 Rd8 27.Bg3 Qb7 28.Rfe1 dxe5 29.dxe5 Rcd4 30.Rxd4 Rxd4
31.Bf2 Rd8 32.Bc5 Qc7 33.Qe3 Rd7 34.Bd6 Qa7 35.Qxa7 Rxa7 36.Rc1 Bd7 37.Ne4 g5
38.h4 gxh4 39.Kf2 Kh7 40.Rh1 Ra8 41.Nc5 Be8 42.Rxh4 Rc8 43.Rg4 h5 44.Rh4 Kg6
45.g4 Bxe5 46.Bxe5 Rxc5 47.gxh5+ Kh7 48.Bd4 Rf5 49.h6 e5 50.Be3 Bc6 51.Rh3 e4
52.Rg3 Rxf3+  1/2-1/2

[Event "BUL-ch"]
[Site "Dupnica"]
[Date "1998.??.??"]
[Round "9"]
[White "Bratanov, Jivko"]
[Black "Georgiev, Krum"]
[Result "1/2-1/2"]
[WhiteElo "2300"]
[BlackElo "2525"]

1.e4 c5 2.Nc3 Nc6 3.Bb5 g6 4.Nge2 Bg7 5.O-O d6 6.Bxc6+ bxc6 7.d3 Nf6 8.h3 O-O
9.Be3 Ne8 10.Qd2 Nc7 11.Bh6 e5 12.Bxg7 Kxg7 13.f4 f6 14.Rf2 Qe7 15.Raf1 Bd7
16.Nd1 Ne6 17.Ne3 exf4 18.Nxf4 Nxf4 19.Rxf4 Rae8 20.R4f3 Be6 21.b3 h5 22.Qf2 d5
23.Qg3 Kh7 24.Qh4 Kg7 25.Rg3 Kh6 26.Rgf3 Kg7 27.Kh1 Rf7 28.exd5 cxd5 29.d4 g5
30.Qf2 cxd4 31.Nf5+ Bxf5 32.Rxf5 Qe2 33.Qxd4 Re5 34.c3 Kg6 35.R5f3 Qe4 36.Qd2 Qe2
37.Rd3  1/2-1/2

[Event "Centrocoop June op-A"]
[Site "Eforie Nord "]
[Date "1998.??.??"]
[Round "?"]
[White "Manea, Alexandru"]
[Black "Telea, Stefan"]
[Result "1-0"]
[WhiteElo "2220"]
[BlackElo "2155"]

1.e4 c5 2.Ne2 Nc6 3.Nbc3 Nf6 4.d3 d5 5.exd5 Nxd5 6.Nxd5 Qxd5 7.Nc3 Qd8 8.g3 e5
9.Bg2 Be7 10.O-O O-O 11.Nd5 Bg5 12.Qh5 Bxc1 13.Raxc1 Be6 14.Ne3 g6 15.Qh6 Nd4
16.Rce1 Qf6 17.f4 exf4 18.Rxf4 Qg7 19.Qxg7+ Kxg7 20.c3 Nc6 21.Nc4 Rac8 22.b3 Rfd8
23.Re3 Bd5 24.Bxd5 Rxd5 25.Kf2 Rcd8 26.Ke2 f5 27.a4 Kf6 28.g4 Kg5 29.Ref3 fxg4
30.h4+ Kh5 31.Rg3 Re8+ 32.Ne3 Rde5 33.Kf2 g5 34.hxg5 Rxg5 35.Nxg4 Kg6 36.Rgf3 Re7
37.d4 cxd4 38.cxd4 Rd7 39.Ke3 Re7+ 40.Kd3 h5 41.Ne3 Rd7 42.Kc3 Kg7 43.b4 Nd8
44.d5 Rf7 45.Rxf7+ Nxf7 46.Nf5+ Kf8 47.Nh6 Rg7 48.d6 Ke8 49.d7+ Kxd7 50.Rxf7+ Rxf7
51.Nxf7 Ke6 52.Nd8+ Kf5 53.Kd3 h4 54.Ke3 Ke5 55.b5 Kd6 56.Nxb7+ Kc7 57.Nc5 Kb6
58.Nb3 Kc7 59.Kf3 Kd6 60.a5  1-0

[Event "Centrocoop June op-A"]
[Site "Eforie Nord "]
[Date "1998.??.??"]
[Round "?"]
[White "Nanu, Ciprian"]
[Black "Gagarin, Vasilij"]
[Result "1/2-1/2"]
[WhiteElo "2325"]
[BlackElo "2415"]

1.e4 c5 2.Nf3 Nc6 3.Nc3 e5 4.Bc4 d6 5.O-O Be7 6.Nd5 Nf6 7.Nxe7 Qxe7 8.Re1 O-O
9.c3 Be6 10.Bxe6 Qxe6 11.d4 cxd4 12.cxd4 exd4 13.Nxd4 Nxd4 14.Qxd4 Rfe8 15.Bg5 Nxe4
16.f3 Qg6 17.Bf4 Ng5 18.Bxg5 Qxg5 19.Qxd6 h6 20.Rad1 Rad8 21.Rxe8+ Rxe8 22.Qd2 Qc5+
23.Qf2 Re3 24.h3 b6 25.f4 Kh7 26.b4 Qe7 27.Rd7 Re1+ 28.Kh2 Qxd7 29.Qxe1 Qd4
30.Kg3 Qd3+ 31.Kf2 Qd4+ 32.Kf3 f5 33.Qe6 Qc3+ 34.Ke2 Qc2+ 35.Kf3 Qd3+ 36.Kf2 Qd2+
37.Kg3 Qc3+ 38.Kh2 Qxb4 39.Qxf5+ Kg8 40.Qe6+ Kh7 41.Qf5+ Kh8 42.Qc8+ Kh7
43.Qf5+  1/2-1/2

[Event "Centrocoop June op-A"]
[Site "Eforie Nord "]
[Date "1998.??.??"]
[Round "?"]
[White "Moldovan, Zamfir"]
[Black "Kovchan, Alexander"]
[Result "0-1"]
[WhiteElo "2150"]
[BlackElo "2350"]

1.e4 c5 2.Nc3 Nc6 3.Nf3 g6 4.Bb5 Bg7 5.O-O Nf6 6.Re1 O-O 7.d3 Nd4 8.Bc4 d6
9.h3 a6 10.Nxd4 cxd4 11.Ne2 d5 12.exd5 Nxd5 13.Bg5 Re8 14.Ng3 Be6 15.Qf3 Qd7
16.Ne4 Rac8 17.Bd2 h6 18.b4 b6 19.a4 Nc7 20.a5 Bxc4 21.axb6 Bd5 22.bxc7 Rxc7
23.Qg3 Bxe4 24.Rxe4 Rxc2 25.Bf4 Qb5 26.Be5 Bxe5 27.Rxe5 Qxb4 28.Rxa6 e6 29.Ra7 Qb1+
30.Kh2 Qb8 31.Raa5 Qd6 32.f4 Qc6 33.Re1 Rb8 34.h4 Rbb2 35.Rg1 Rc5 36.Rxc5 Qxc5
37.Re1 Qa5 38.Re5 Rb5 39.Re4 Qb6 40.Qf2 Rd5 41.Qe2 Qd8 42.Qf2 Qf6 43.Kg1 Qd8
44.Qe1 Qc8 45.Qe2 Qc7 46.Kh1 Kg7 47.Qf3 Qc3 48.Re2 Ra5 49.Qe4 Rh5 50.g3 Ra5
51.Kg2 Kg8 52.Rf2 Ra3 53.Rf3 Qd2+ 54.Rf2 Qxd3 55.Qxd3 Rxd3 56.Re2 Kg7 57.g4 Kf6
58.Re1 Rc3 59.Re5 d3 60.g5+ hxg5 61.hxg5+ Ke7 62.Kf2 d2 63.Ke2 Rd3 64.Kd1 Rd4
65.Ra5 Rxf4  0-1

[Event "Centrocoop Sept op-A"]
[Site "Eforie Nord"]
[Date "1998.??.??"]
[Round "?"]
[White "Ambrus, Endre"]
[Black "Rogozenko, Dorin"]
[Result "1-0"]
[WhiteElo "2260"]
[BlackElo "2435"]

1.e4 c5 2.Nf3 Nc6 3.Nc3 g6 4.g3 Bg7 5.Bg2 e5 6.Nd5 Nge7 7.c3 O-O 8.O-O d6
9.d3 Nxd5 10.exd5 Ne7 11.Ne1 b5 12.Qb3 Rb8 13.Be3 Bg4 14.f3 Bf5 15.f4 exf4
16.Bxf4 Qd7 17.Rd1 Rfe8 18.Rd2 b4 19.Qc4 bxc3 20.bxc3 Nc8 21.Rc2 Rb1 22.Bc1 Nb6
23.Qf4 c4 24.Be4 cxd3 25.Bxf5 Qxf5 26.Qxf5 gxf5 27.Nxd3 Nxd5 28.c4 Nc3 29.Bf4 Bd4+
30.Kg2 Rxf1 31.Kxf1 Ne4 32.Kg2 Rc8 33.Nb4 Kg7 34.Nd5 Rb8 35.Ne7 Bc5 36.Nxf5+ Kf6
37.Ne3 Rb1 38.Kf3 Ng5+ 39.Kg4 Ne6 40.Nd5+ Kg7 41.Nc3 Rb4 42.Nd5 Rb1 43.Nc3 Rf1
44.Nd5 a5 45.h4 Rh1 46.Bd2 f5+ 47.Kh5 Bd4 48.Bxa5 Rg1 49.Ne7 Nc5 50.Nc8 Kg8
51.Nxd6 f4 52.Nf5 Ne4 53.Nxd4 Nxg3+ 54.Kg4 Ne2+ 55.Kh3 Rg3+ 56.Kh2 Nxd4 57.Rg2 Nf3+
58.Kh1 Nxh4 59.Rxg3+ fxg3 60.c5 Kf7 61.a4 Nf3 62.Kg2 Ne5 63.Kxg3 Nd3 64.Bb6 Ke6
65.a5 Kd7 66.a6 Kc6 67.Kg4 Nb4 68.a7 Kb7 69.Kf5 Nc6 70.Ke6 Nxa7 71.Bxa7 Kxa7
72.c6 h5 73.Kd7  1-0

[Event "Centrocoop Sept op-A"]
[Site "Eforie Nord"]
[Date "1998.??.??"]
[Round "?"]
[White "Grigore, Nicolae Petre"]
[Black "Rogozenko, Dorin"]
[Result "0-1"]
[WhiteElo "2265"]
[BlackElo "2435"]

1.e4 c5 2.Nf3 Nc6 3.Nc3 e6 4.g3 d6 5.Bg2 Nf6 6.O-O Be7 7.d3 O-O 8.a3 Rb8
9.h3 b5 10.Be3 a6 11.Ne2 Bb7 12.Nh2 d5 13.g4 dxe4 14.dxe4 Qxd1 15.Rfxd1 Rfd8
16.g5 Nd7 17.Ng4 Kf8 18.h4 Ke8 19.h5 Rbc8 20.f4 e5 21.f5 Nd4 22.Rd2 f6 23.g6 h6
24.Bxh6 Nxe2+ 25.Rxe2 gxh6 26.Nxh6 Kf8 27.Nf7 Re8 28.h6 c4 29.Bf3 Bc5+ 30.Kg2 Re7
31.Rh1 Rxf7 32.gxf7  0-1

[Event "Centrocoop June op-B"]
[Site "Eforie Nord"]
[Date "1998.??.??"]
[Round "?"]
[White "Prudnikov, Vladimir"]
[Black "Spinoche, Ion"]
[Result "1-0"]
[WhiteElo "1750"]
[BlackElo "2110"]

1.e4 c5 2.Nc3 Nc6 3.Bb5 Nd4 4.f4 a6 5.Be2 e6 6.Nf3 Nc6 7.O-O d6 8.Qe1 Nf6
9.d3 Be7 10.Bd2 O-O 11.Nd1 g6 12.Ng5 h6 13.Nh3 Nd4 14.Ne3 Nxe2+ 15.Qxe2 Kh7
16.g4 Ng8 17.Ng2 f5 18.Nf2 b5 19.Ne3 fxe4 20.Nxe4 d5 21.Ng3 d4 22.Ng2 Qd5
23.b3 Bb7 24.Rae1 Rae8 25.Ne4 Bd8 26.Rf3 Kg7 27.Rh3 c4 28.bxc4 bxc4 29.Bb4 Be7
30.Bxe7 Rxe7 31.Rb1 c3 32.Rb6 Rd8 33.Ne1 Rf7 34.Ng3 Bc8 35.Qe5+ Qxe5 36.fxe5 Rd5
37.Ne4 Rxe5 38.Nf3 Ra5 39.Nd6 Rc7 40.Ne8+ Kf7 41.Nxc7 Rxa2 42.Nxd4 e5 43.Rf3+ Kg7
44.Nde6+ Kh8 45.Rf7 a5  1-0

[Event "Centrocoop Sept op-A"]
[Site "Eforie Nord"]
[Date "1998.??.??"]
[Round "?"]
[White "Kozinov, Alexander"]
[Black "Petcoiu, C."]
[Result "0-1"]
[WhiteElo "1750"]
[BlackElo "1675"]

1.e4 c5 2.Ne2 Nc6 3.Nbc3 Nf6 4.g3 d6 5.Bg2 a6 6.O-O e5 7.Nd5 Be6 8.Nec3 Be7
9.h3 O-O 10.Kh2 b5 11.d3 Nd4 12.f4 Rc8 13.fxe5 dxe5 14.Nxe7+ Qxe7 15.Bg5 c4
16.Qd2 cxd3 17.cxd3 b4 18.Nd5 Bxd5 19.exd5 Rc2 20.Qd1 Qd6 21.Bxf6 gxf6 22.b3 f5
23.Qh5 Kh8 24.Kh1 Ne2 25.Qf3 e4 26.dxe4 Nxg3+ 27.Kg1 Nxf1 28.Rxf1 Rg8 29.Rf2 Qc5
30.e5 Rxf2 31.Qxf2 Qxf2+ 32.Kxf2 Re8 33.d6 Kg7 34.d7 Rd8 35.Bc6 f6 36.e6 Kf8
37.Kf3 Ke7 38.Bd5 Kd6 39.Kf4 Ke7 40.Kxf5 Rb8 41.h4 Rg8 42.Bc4 a5 43.Bd5 Rg1
44.d8=Q+ Kxd8 45.Kxf6 Rf1+ 46.Kg7 Ke7 47.h5 Rf4  0-1

[Event "Centrocoop Sept op-B"]
[Site "Eforie Nord"]
[Date "1998.??.??"]
[Round "?"]
[White "Sandu, Marius Stefan"]
[Black "Ivanova, Svetlana"]
[Result "0-1"]
[WhiteElo "2150"]
[BlackElo "2225"]

1.e4 c5 2.Nf3 Nc6 3.Nc3 d6 4.d4 cxd4 5.Nxd4 e5 6.Ndb5 a6 7.Na3 b5 8.Nd5 Nce7
9.c4 Nxd5 10.cxd5 Be7 11.Be3 Bg5 12.Qd2 Bxe3 13.Qxe3 Ne7 14.Bd3 O-O 15.O-O f5
16.f3 Ng6 17.Rac1 Nf4 18.Kh1 Bd7 19.Rf2 Nxd3 20.Qxd3 fxe4 21.Qxe4 Qg5 22.Rd1 Bf5
23.Qb4 Rf6 24.Nb1 e4 25.f4 Qh5 26.Re1 e3 27.Rf3 Bxb1 28.Rxb1 Re8 29.Qd4 Qf5
30.Re1 Re4 31.Qc3 Rxf4 32.Rxf4 Qxf4 33.Qc8+ Rf8 34.Qe6+ Qf7 35.Kg1 Re8 36.Qxf7+ Kxf7
37.Kf1 Kf6 38.Ke2 Re5 39.Rd1 Re4 40.Rf1+ Ke5 41.Rf7 Rf4 42.Re7+ Kd4 43.Rxg7 Rf2+
44.Ke1 Kd3  0-1